000 00535nam a22001817a 4500
003 LK-CoDNM
005 20250224122621.0
008 250224b |||||||| |||| 00| 0 eng d
040 _aLK-CoDNM
_dLK-CoDNM
_eLK-CoDNM
041 _aeng
080 _aRC
_b357
100 _aDeraniyagala P.E.P
245 _aA Colored of some Vertebrates from Ceylon - Volume 3
_bSerpentoid Reptilia
260 _aColombo
_bGovernment Press
_c1955
650 _aA Colored of some Vertebrates from Ceylon
650 _aSerpentoid Reptilia
942 _cBK
999 _c238359
_d238359